| 000 | 00604nam a22001937a 4500 | ||
|---|---|---|---|
| 999 |
_c158092 _d158092 |
||
| 005 | 20181016124212.0 | ||
| 010 | _aENG-124293 | ||
| 020 |
_a9788182904231 _c1995.00 |
||
| 035 | _aEN-107825 | ||
| 037 | _bDBAD/PUB. | ||
| 082 | _a780.95421 | ||
| 100 | _aPandit, Meeta | ||
| 245 |
_aIndia's heritage of gharana music pandits of gwalior / _cby Meeta Pandit |
||
| 260 |
_aGurgaon _bShubhi Publications _c2018 |
||
| 270 |
_a479, Sector-14, _bGurgaon _e122001 |
||
| 300 |
_a260p. _c21cm.(Hb) _bill. |
||
| 500 | _aIt includes bibliography and glossary. | ||
| 942 |
_2ddc _cEN _mPAN _h780.95421 |
||